000
00325 a2200145 4500
001
155677
040
_c
Escola São Tomás de Aquino
100
_a
AZEVEDO, Álvares de
240
1
0
_a
Álvares de Azevedo
_l
por
245
1
0
_a
Álvares de Azevedo
300
_a
106
362
0
_a
1982
697
_a
GENERALIDADES
942
_c
BK
999
_c
155677
_d
155677